<?xml version="1.0" encoding="UTF-8"?>
<record
    xmlns:xsi="http://www.w3.org/2001/XMLSchema-instance"
    xsi:schemaLocation="http://www.loc.gov/MARC21/slim http://www.loc.gov/standards/marcxml/schema/MARC21slim.xsd"
    xmlns="http://www.loc.gov/MARC21/slim">

  <leader>00813cam a2200217 i 4500</leader>
  <controlfield tag="001"> 83501</controlfield>
  <controlfield tag="003">BD-RjUL</controlfield>
  <controlfield tag="005">20250722122657.0</controlfield>
  <controlfield tag="008">240327s1976    ii a          000 0curd d</controlfield>
  <datafield tag="035" ind1=" " ind2=" ">
    <subfield code="a">(BD-RjUL) 83501</subfield>
  </datafield>
  <datafield tag="040" ind1=" " ind2=" ">
    <subfield code="a">DKAGE</subfield>
    <subfield code="b">eng</subfield>
    <subfield code="e">rda</subfield>
    <subfield code="c">DKAGE</subfield>
    <subfield code="d">OCLCO</subfield>
    <subfield code="d">OCLCF</subfield>
    <subfield code="d">OCLCA</subfield>
    <subfield code="d">DLC</subfield>
  </datafield>
  <datafield tag="041" ind1=" " ind2=" ">
    <subfield code="a">urd</subfield>
  </datafield>
  <datafield tag="082" ind1="0" ind2="4">
    <subfield code="a">891.439</subfield>
    <subfield code="2">23</subfield>
    <subfield code="b">BHB 1976</subfield>
  </datafield>
  <datafield tag="245" ind1="1" ind2="0">
    <subfield code="a"> &#x628;&#x646;&#x6AF;&#x627;&#x644; &#x645;&#x6CC;&#x6BA; &#x627;&#x631;&#x62F;&#x648; &#x632;&#x628;&#x627;&#x646; &#x648; &#x627;&#x62F;&#x628;: / Mashriq&#x12B; Bang&#x101;l men&#x332; Urd&#x16B; joba o adab /</subfield>
    <subfield code="c">&#x634;&#x627;&#x646;&#x62A;&#x6CC; &#x631;&#x646;&#x62C;&#x646; &#x628;&#x6BE;&#x679;&#x627; &#x686;&#x627;&#x631;&#x6CC;&#x6C1;;  Shanti Ranjan Bhattacharya </subfield>
  </datafield>
  <datafield tag="264" ind1=" " ind2="1">
    <subfield code="a">Lakhnuw :</subfield>
    <subfield code="b">Nusrat pub, ,</subfield>
    <subfield code="c">1976</subfield>
  </datafield>
  <datafield tag="300" ind1=" " ind2=" ">
    <subfield code="a">190 pages :</subfield>
    <subfield code="c">19 cm</subfield>
  </datafield>
  <datafield tag="520" ind1=" " ind2=" ">
    <subfield code="a">Brief biography of selected Urdu authors and poets from Bangladesh; includes sampling of their works.</subfield>
  </datafield>
  <datafield tag="650" ind1=" " ind2=" ">
    <subfield code="a">Urdu </subfield>
    <subfield code="v">Litarature / Language</subfield>
    <subfield code="9">16177</subfield>
  </datafield>
  <datafield tag="942" ind1=" " ind2=" ">
    <subfield code="2">ddc</subfield>
    <subfield code="c">BK</subfield>
  </datafield>
  <datafield tag="999" ind1=" " ind2=" ">
    <subfield code="c">85274</subfield>
    <subfield code="d">85274</subfield>
  </datafield>
  <datafield tag="952" ind1=" " ind2=" ">
    <subfield code="0">0</subfield>
    <subfield code="1">0</subfield>
    <subfield code="2">ddc</subfield>
    <subfield code="4">0</subfield>
    <subfield code="7">1</subfield>
    <subfield code="8">NFIC</subfield>
    <subfield code="a">RUCL</subfield>
    <subfield code="b">RUCL</subfield>
    <subfield code="c">Reading</subfield>
    <subfield code="d">1989-08-14</subfield>
    <subfield code="e">Karim International</subfield>
    <subfield code="g">12.00</subfield>
    <subfield code="o">U 891.439 BHB 1976</subfield>
    <subfield code="r">2025-07-22 00:00:00</subfield>
    <subfield code="t">C-1</subfield>
    <subfield code="y">BK</subfield>
  </datafield>
</record>
